Les os du membre inférieur - Statistiques

Statistiques générales
  • Ce quiz a été pris 430 fois
  • Le résultat moyen est 9 sur 17
Statistiques - réponses
Réponse % Correct
Tibia
97%
Fémur
96%
Fibula
89%
Patella
78%
Talus
60%
Calcanéus
56%
Os coxal
54%
Phalanges
54%
Cuboïde
50%
Naviculaire
47%
Métatarsiens
36%
Cunéiforme latéral
28%
Cunéiforme médial
27%
Pubis
27%
Cunéiforme intermédiaire
25%
Ilium
21%
Ischium
18%
Aucun quiz correspondant
Distribution des résultats
% des personnes avec chaque résultat
Percentile par nombre de réponses
Votre historique - résultats
Vous n’avez pas pris ce quiz